00187    a2200085   4500001000700000040003500007100002000042240002200062245001700084146603  cEscola São Tomás de Aquino  aDUARTE, Marcelo10aMeu outro eulpor10aMeu outro eu